[Event "RC-2014-0-00158"]
[Site "LSS email"]
[Date "2014.09.25"]
[Round "?"]
[White "Bujdak, Pavol"]
[Black "Latib, Ali"]
[Result "0-1"]
[WhiteElo "1673"]
[BlackElo "1772"]
[PlyCount "78"]
[EventDate "2014.07.22"]
[EventType "tourn (corr)"]
[EventRounds "6"]
[EventCountry "GER"]
[SourceTitle "Corr 2015"]
[Source "ChessBase"]
[SourceDate "2015.07.17"]
[SourceVersion "1"]
[SourceVersionDate "2015.07.17"]
[SourceQuality "1"]

1. e4 c5 2. Nf3 d6 3. Bb5+ Bd7 4. c4 Nf6 5. Nc3 Bxb5 6. cxb5 e6 7. d4 cxd4 8. Nxd4 Nbd7 9. 0-0 Be7 10. Be3 0-0 11. f4 Rc8 12. Rc1 Nc5 13. e5 Nfe4 14. Qe2 Nxc3 15. Rxc3 dxe5 16. fxe5 Nd7 17. Rxc8 Qxc8 18. Nf3 Qb8 19. Bd2 Nb6 20. a3 Rc8 21. b4 Rc2 22. Nd4 Rc7 23. Qf2 Qe8 24. Nb3 Nc4 25. a4 Nxd2 26. Nxd2 Bxb4 27. Ne4 Qd7 28. Kh1 Qd5 29. Qf4 h6 30. h3 Ba5 31. Kh2 Rd7 32. Rc1 Bb6 33. Rc8+ Kh7 34. Nd6 Bd4 35. Nc4 b6 36. Rc6 Bc5 37. h4 Qd1 38. Nd6 f5 39. Rxc5 bxc5 0-1

[Event "SB-2014-0-00379"]
[Site "LSS email"]
[Date "2014.08.23"]
[Round "?"]
[White "Bujdak, Pavol"]
[Black "Seiler, Peter"]
[Result "0-1"]
[WhiteElo "1681"]
[BlackElo "1905"]
[PlyCount "78"]
[EventDate "2014.08.08"]
[EventType "tourn (corr)"]
[EventRounds "6"]
[EventCountry "GER"]
[SourceTitle "Corr 2015"]
[Source "ChessBase"]
[SourceDate "2015.07.17"]
[SourceVersion "1"]
[SourceVersionDate "2015.07.17"]
[SourceQuality "1"]

1. e4 e5 2. Nf3 Nf6 3. d4 Nxe4 4. Bd3 d5 5. dxe5 Nc6 6. Nc3 Nxc3 7. bxc3 h6 8. 0-0 Bc5 9. Re1 0-0 10. c4 dxc4 11. Bxc4 Qxd1 12. Rxd1 Bg4 13. Bb2 Rad8 14. Rab1 Rfe8 15. Bd5 Bf5 16. Bxc6 bxc6 17. Ne1 Rd5 18. Kf1 Bb6 19. Nd3 Ra5 20. Ra1 c5 21. h3 c4 22. Ne1 Ra4 23. Bc3 g5 24. a3 Be4 25. f3 Bc6 26. g3 Kh7 27. Bd4 Kg6 28. c3 Ra5 29. f4 f6 30. Rd2 fxe5 31. Bxe5 Raxe5 32. fxe5 Rf8+ 33. Ke2 Rf2+ 34. Kd1 Ba4+ 35. Nc2 Rf3 36. Rg2 Rxc3 37. e6 Bc6 38. e7 Kf7 39. Re2 Rxg3 0-1

[Event "SB-2014-0-00379"]
[Site "LSS email"]
[Date "2014.08.23"]
[Round "?"]
[White "Herzog, Klaus"]
[Black "Bujdak, Pavol"]
[Result "1/2-1/2"]
[WhiteElo "1757"]
[BlackElo "1681"]
[PlyCount "49"]
[EventDate "2014.08.08"]
[EventType "tourn (corr)"]
[EventRounds "6"]
[EventCountry "GER"]
[SourceTitle "Corr 2015"]
[Source "ChessBase"]
[SourceDate "2015.07.17"]
[SourceVersion "1"]
[SourceVersionDate "2015.07.17"]
[SourceQuality "1"]

1. d4 d5 2. c4 e6 3. g3 Nf6 4. Bg2 dxc4 5. Nf3 Nc6 6. Qa4 Bb4+ 7. Bd2 Nd5 8. Bxb4 Ndxb4 9. 0-0 Rb8 10. Na3 0-0 11. Qb5 b6 12. Qxc4 Ba6 13. Nb5 Qd5 14. Qxd5 Nxd5 15. a4 Na5 16. Ne5 Rbd8 17. Nxa7 Nb4 18. Rac1 Rxd4 19. Rxc7 Bxe2 20. Rfc1 f6 21. Nec6 Naxc6 22. Nxc6 Nxc6 23. R7xc6 Rfd8 24. h3 R8d6 25. Rxd6 1/2-1/2

[Event "SC-2014-0-00236"]
[Site "LSS email"]
[Date "2014.08.21"]
[Round "?"]
[White "Bujdak, Pavol"]
[Black "Habes, Jiri"]
[Result "1-0"]
[WhiteElo "1681"]
[BlackElo "1775"]
[PlyCount "107"]
[EventDate "2014.07.21"]
[EventType "tourn (corr)"]
[EventRounds "6"]
[EventCountry "GER"]
[SourceTitle "Corr 2015"]
[Source "ChessBase"]
[SourceDate "2015.07.17"]
[SourceVersion "1"]
[SourceVersionDate "2015.07.17"]
[SourceQuality "1"]

1. e4 c5 2. Nf3 d6 3. d4 cxd4 4. Nxd4 Nf6 5. Nc3 g6 6. Be3 Bg7 7. f3 Nc6 8. Bc4 Ne5 9. Bb3 0-0 10. Qd2 Bd7 11. 0-0-0 a6 12. h4 h5 13. g4 hxg4 14. h5 Nxh5 15. f4 Nc6 16. Nxc6 bxc6 17. f5 Rb8 18. Rxh5 gxh5 19. Qh2 e6 20. Qxh5 Qf6 21. Rxd6 Bc8 22. Rd1 Re8 23. Rh1 Rb7 24. a3 g3 25. Bg5 Qe5 26. f6 Bxf6 27. Bxf6 Qxf6 28. e5 Qg7 29. Rg1 Rb5 30. Nxb5 cxb5 31. Qh4 g2 32. Qe4 Kh8 33. Rxg2 Qh7 34. Qe1 Rg8 35. Rd2 Bb7 36. Kb1 Rg5 37. Ka2 Qg6 38. Qh4+ Rh5 39. Qe7 Be4 40. Rd8+ Kh7 41. Rf8 Rf5 42. Qd8 Qg7 43. Qh4+ Kg6 44. Rd8 Rxe5 45. Rd1 Bg2 46. Rg1 Rg5 47. Qxg5+ Kxg5 48. Rxg2+ Kf6 49. Rxg7 Kxg7 50. a4 bxa4 51. Bxa4 Kg6 52. c4 Kf6 53. c5 Ke7 54. Kb3 1-0

[Event "SC-2014-0-00236"]
[Site "LSS email"]
[Date "2014.08.21"]
[Round "?"]
[White "Schulz, Hans Juergen"]
[Black "Bujdak, Pavol"]
[Result "1/2-1/2"]
[WhiteElo "1605"]
[BlackElo "1681"]
[PlyCount "66"]
[EventDate "2014.07.21"]
[EventType "tourn (corr)"]
[EventRounds "6"]
[EventCountry "GER"]
[SourceTitle "Corr 2015"]
[Source "ChessBase"]
[SourceDate "2015.07.17"]
[SourceVersion "1"]
[SourceVersionDate "2015.07.17"]
[SourceQuality "1"]

1. e4 c5 2. Nf3 d6 3. d4 cxd4 4. Nxd4 Nf6 5. Nc3 a6 6. Be3 e5 7. Nb3 Be7 8. Be2 Be6 9. 0-0 Nbd7 10. a4 Rc8 11. Qd3 0-0 12. Rad1 Qc7 13. Rfe1 Nb6 14. Bg5 Nc4 15. Bc1 Qc6 16. Qg3 Rfe8 17. Bf3 Kh8 18. Re2 Nb6 19. a5 Nc4 20. Nd5 Bxd5 21. exd5 Qa4 22. Qh3 Nxa5 23. Nxa5 Qxa5 24. g4 g5 25. Bxg5 Rg8 26. Bxf6+ Bxf6 27. Be4 Rg7 28. Re3 Bg5 29. Ra3 Qd8 30. Rb3 Rc7 31. Kh1 h6 32. Ra1 Bf4 33. Bf5 Rg8 1/2-1/2

[Event "RC-2014-0-00156"]
[Site "LSS email"]
[Date "2014.08.16"]
[Round "?"]
[White "Castignani, Fausto"]
[Black "Bujdak, Pavol"]
[Result "0-1"]
[WhiteElo "1349"]
[BlackElo "1673"]
[PlyCount "90"]
[EventDate "2014.06.23"]
[EventType "tourn (corr)"]
[EventRounds "6"]
[EventCountry "GER"]
[SourceTitle "Corr 2015"]
[Source "ChessBase"]
[SourceDate "2015.07.17"]
[SourceVersion "1"]
[SourceVersionDate "2015.07.17"]
[SourceQuality "1"]

1. e4 c5 2. Nf3 d6 3. Bb5+ Nd7 4. 0-0 a6 5. Bc4 Ngf6 6. d3 b5 7. Bb3 Bb7 8. c4 e6 9. Nc3 b4 10. Ne2 Be7 11. Ba4 0-0 12. a3 a5 13. h3 Nb6 14. Bb5 Ne8 15. Ng3 Nc7 16. a4 Nxb5 17. axb5 a4 18. Re1 Re8 19. Qc2 f5 20. Be3 Qd7 21. d4 fxe4 22. Nd2 cxd4 23. Bxd4 Qc7 24. Ngxe4 d5 25. c5 dxe4 26. c6 Red8 27. Qxe4 Bc8 28. Qg4 Rxd4 29. Qxd4 Ra5 30. Re5 a3 31. Nb3 axb2 32. Rae1 Ra2 33. Qe4 Bf6 34. Rf5 Bc3 35. Rb1 Ra3 36. Rh5 g6 37. Rh4 Rxb3 38. Qc2 Ra3 39. Rxb2 Bxb2 40. Qxb2 Nd5 41. Rc4 Qa5 42. Rc5 Rc3 43. Rxc3 bxc3 44. Qb1 Qb4 45. Qa2 Qxb5 0-1

[Event "SC-2014-0-00231"]
[Site "LSS email"]
[Date "2014.07.06"]
[Round "?"]
[White "Schulz, Hans Juergen"]
[Black "Bujdak, Pavol"]
[Result "1/2-1/2"]
[WhiteElo "1650"]
[BlackElo "1673"]
[PlyCount "92"]
[EventDate "2014.06.06"]
[EventType "tourn (corr)"]
[EventRounds "6"]
[EventCountry "GER"]
[SourceTitle "Corr 2015"]
[Source "ChessBase"]
[SourceDate "2015.07.17"]
[SourceVersion "1"]
[SourceVersionDate "2015.07.17"]
[SourceQuality "1"]

1. e4 c5 2. Nf3 d6 3. d4 cxd4 4. Nxd4 Nf6 5. Nc3 a6 6. Be2 e5 7. Nb3 Be7 8. 0-0 0-0 9. Kh1 Nc6 10. f3 Be6 11. Nd5 a5 12. Be3 Bxd5 13. exd5 Nb4 14. c4 a4 15. Nd2 a3 16. b3 Nd7 17. Ne4 f5 18. Qd2 Qa5 19. Nc3 Bh4 20. Bg1 Na6 21. Rab1 Qb4 22. Qc2 Bg5 23. f4 exf4 24. Nb5 g6 25. Bf2 Rae8 26. Be1 Qc5 27. b4 Qe3 28. Bf3 Qe7 29. Nxa3 Nf6 30. Nb5 Ng4 31. Bxg4 fxg4 32. Bc3 Bh4 33. Qd3 Nc7 34. Nxc7 Qxc7 35. Bd2 f3 36. Bh6 fxg2+ 37. Kxg2 Rf3 38. Rxf3 gxf3+ 39. Qxf3 Qxc4 40. Rf1 Qe2+ 41. Kh3 Qxf3+ 42. Rxf3 Be1 43. b5 Bb4 44. a4 b6 45. Rf6 Bc5 46. Re6 Rd8 1/2-1/2

[Event "SC-2014-0-00223"]
[Site "LSS email"]
[Date "2014.05.09"]
[Round "?"]
[White "Timkin, Nikolay"]
[Black "Bujdak, Pavol"]
[Result "1-0"]
[WhiteElo "1755"]
[BlackElo "1673"]
[PlyCount "89"]
[EventDate "2014.03.12"]
[EventType "tourn (corr)"]
[EventRounds "6"]
[EventCountry "GER"]
[SourceTitle "Corr 2015"]
[Source "ChessBase"]
[SourceDate "2015.07.17"]
[SourceVersion "1"]
[SourceVersionDate "2015.07.17"]
[SourceQuality "1"]

1. e4 c5 2. Nf3 d6 3. d4 cxd4 4. Nxd4 Nf6 5. Nc3 a6 6. Be3 e5 7. Nb3 Be6 8. f3 Be7 9. Qd2 0-0 10. 0-0-0 Nbd7 11. g4 b5 12. h4 Qc7 13. h5 b4 14. Nd5 Bxd5 15. exd5 a5 16. g5 a4 17. Na1 a3 18. gxf6 axb2+ 19. Kxb2 Qa5 20. Bc4 Bxf6 21. Bb3 Rfc8 22. Kb1 Nc5 23. Bxc5 dxc5 24. d6 c4 25. d7 Rc6 26. a4 cxb3 27. Nxb3 Qc7 28. h6 g5 29. f4 Rd8 30. Rhe1 gxf4 31. Qxf4 Kf8 32. Qf5 Ra6 33. a5 Qc3 34. Qe4 Rc6 35. Re3 Qc4 36. Qxh7 Qg4 37. Qd3 Rc3 38. Qe2 Qxe2 39. Rxe2 Rc7 40. Red2 e4 41. Rd5 Ra7 42. h7 e3 43. Rh1 Bh8 44. Rg1 e2 45. Ka2 1-0

[Event "RC-2014-0-00146"]
[Site "LSS email"]
[Date "2014.03.27"]
[Round "?"]
[White "Bujdak, Pavol"]
[Black "Seiler, Peter"]
[Result "1/2-1/2"]
[WhiteElo "1667"]
[BlackElo "1771"]
[PlyCount "40"]
[EventDate "2014.02.25"]
[EventType "tourn (corr)"]
[EventRounds "6"]
[EventCountry "GER"]
[SourceTitle "Telechess CBM 167"]
[Source "ChessBase"]
[SourceDate "2015.07.13"]
[SourceVersion "1"]
[SourceVersionDate "2015.07.13"]
[SourceQuality "1"]

1. e4 e6 2. d4 d5 3. Nd2 c5 4. Ngf3 cxd4 5. exd5 Qxd5 6. Bc4 Qd6 7. Qe2 Nf6 8. Nb3 Nc6 9. Bg5 Qb4+ 10. Bd2 Qb6 11. 0-0-0 Bd7 12. Bg5 Bc5 13. Ne5 Nxe5 14. Qxe5 Bd6 15. Qxd4 Qxd4 16. Nxd4 0-0-0 17. f3 h6 18. Bd2 a6 19. Ba5 Bc7 20. Bxc7 Kxc7 1/2-1/2

[Event "SC-2014-0-00217"]
[Site "LSS email"]
[Date "2014.02.23"]
[Round "?"]
[White "Michos, Dionyssios"]
[Black "Bujdak, Pavol"]
[Result "1-0"]
[WhiteElo "1785"]
[BlackElo "1681"]
[PlyCount "87"]
[EventDate "2014.01.27"]
[EventType "tourn (corr)"]
[EventRounds "6"]
[EventCountry "GER"]
[SourceTitle "Corr 2015"]
[Source "ChessBase"]
[SourceDate "2015.07.17"]
[SourceVersion "1"]
[SourceVersionDate "2015.07.17"]
[SourceQuality "1"]

1. d4 Nf6 2. c4 c5 3. d5 b5 4. cxb5 a6 5. e3 g6 6. Nc3 Qa5 7. Bd2 Bg7 8. Nf3 0-0 9. Na4 Qd8 10. b6 Bb7 11. Bc4 Bxd5 12. Bxd5 Nxd5 13. e4 Nb4 14. Bc3 d6 15. Bxg7 Kxg7 16. a3 N4c6 17. Qd5 Qd7 18. 0-0 Qb7 19. e5 Nd8 20. Qxb7 Nxb7 21. Rfe1 Nd7 22. exd6 exd6 23. Re7 Rfd8 24. Ng5 Kf6 25. Rxf7+ Kxg5 26. f4+ Kh5 27. Rxh7+ Kg4 28. Nc3 Rab8 29. Nd5 Nxb6 30. h3+ Kf5 31. Nxb6 Kxf4 32. Nd7 Na5 33. Nxb8 Rxb8 34. b4 Nb3 35. Re1 cxb4 36. axb4 a5 37. bxa5 Nxa5 38. Rh4+ Kg5 39. Rd4 Rb5 40. Rxd6 Nc4 41. h4+ Kh5 42. Rd8 Ne5 43. Re8 Nd7 44. R1e4 1-0

[Event "SC-2014-0-00217"]
[Site "LSS email"]
[Date "2014.02.22"]
[Round "?"]
[White "Crapulli, Giuseppe"]
[Black "Bujdak, Pavol"]
[Result "1/2-1/2"]
[WhiteElo "1725"]
[BlackElo "1681"]
[PlyCount "109"]
[EventDate "2014.01.27"]
[EventType "tourn (corr)"]
[EventRounds "6"]
[EventCountry "GER"]
[SourceTitle "Corr 2015"]
[Source "ChessBase"]
[SourceDate "2015.07.17"]
[SourceVersion "1"]
[SourceVersionDate "2015.07.17"]
[SourceQuality "1"]

1. e4 c5 2. Nf3 d6 3. d4 cxd4 4. Nxd4 Nf6 5. Nc3 a6 6. Be3 e5 7. Nb3 Be6 8. f3 h5 9. Qd2 Nbd7 10. Nd5 Bxd5 11. exd5 g6 12. Na5 Qc7 13. Be2 Bg7 14. 0-0 0-0 15. c4 Rfe8 16. Rac1 b6 17. Nc6 Nb8 18. Nb4 h4 19. Bd1 Nbd7 20. Nc6 Nb8 21. Ba4 h3 22. g4 Nfd7 23. b4 e4 24. Qf2 Nxc6 25. Bxc6 Ne5 26. Bxb6 Qc8 27. Bxe8 Nxf3+ 28. Kh1 Qxe8 29. Qe2 Qe5 30. Rxf3 exf3 31. Qxe5 Bxe5 32. Rf1 Rc8 33. c5 a5 34. c6 axb4 35. Rxf3 Ra8 36. c7 Kf8 37. Rxh3 Ke7 38. Rh7 Bc3 39. h4 Rf8 40. Ba5 Bd2 41. Bb6 Kd7 42. h5 Kc8 43. Kg2 gxh5 44. gxh5 Kb7 45. Bd4 Kxc7 46. Kf3 Bc3 47. Be3 Kd7 48. Bg5 Be5 49. Bh6 Ke7 50. Bg5+ Bf6 51. Rg7 Rh8 52. Kg4 Ra8 53. Kf5 Bxg5 54. Rxg5 Rxa2 55. Rg4 1/2-1/2

[Event "RC-2014-0-00141"]
[Site "LSS email"]
[Date "2014.02.21"]
[Round "?"]
[White "Bujdak, Pavol"]
[Black "Borodin, Sergey Viktorovich"]
[Result "0-1"]
[WhiteElo "1681"]
[BlackElo "1766"]
[PlyCount "96"]
[EventDate "2014.01.04"]
[EventType "tourn (corr)"]
[EventRounds "6"]
[EventCountry "GER"]
[SourceTitle "Telechess CBM 167"]
[Source "ChessBase"]
[SourceDate "2015.07.13"]
[SourceVersion "1"]
[SourceVersionDate "2015.07.13"]
[SourceQuality "1"]

1. e4 e6 2. d4 d5 3. Nd2 Nf6 4. e5 Nfd7 5. c3 c5 6. Bd3 Nc6 7. Ngf3 Qb6 8. 0-0 cxd4 9. Nxd4 Ndxe5 10. N2f3 Nxd3 11. Qxd3 Nxd4 12. Nxd4 Be7 13. a4 0-0 14. Bf4 Bd7 15. a5 Qd8 16. Rfe1 a6 17. Qg3 Rc8 18. Be5 f6 19. Bd6 e5 20. Bxe7 Qxe7 21. f4 Rce8 22. Re3 Qf7 23. Nf3 d4 24. Ree1 dxc3 25. bxc3 exf4 26. Qxf4 Bc6 27. Nd4 Qc4 28. Qg3 Be4 29. Re3 Re5 30. Qf4 Qd5 31. Nf3 Bxf3 32. Rxf3 Rfe8 33. Qd4 Qc6 34. Rd3 Rg5 35. Qf2 h6 36. h4 Rh5 37. Qf3 Qxf3 38. gxf3 Re2 39. Rd7 Rxh4 40. Rxb7 Rhh2 41. c4 Reg2+ 42. Kf1 Rc2 43. Kg1 Rcg2+ 44. Kf1 h5 45. f4 Rc2 46. Kg1 h4 47. Rb3 Rhg2+ 48. Kh1 Rgf2 0-1

[Event "RC-2014-0-00141"]
[Site "LSS email"]
[Date "2014.02.21"]
[Round "?"]
[White "Camps, Jean Pierre"]
[Black "Bujdak, Pavol"]
[Result "1/2-1/2"]
[WhiteElo "1851"]
[BlackElo "1681"]
[PlyCount "56"]
[EventDate "2014.01.04"]
[EventType "tourn (corr)"]
[EventRounds "6"]
[EventCountry "GER"]
[SourceTitle "Telechess CBM 167"]
[Source "ChessBase"]
[SourceDate "2015.07.13"]
[SourceVersion "1"]
[SourceVersionDate "2015.07.13"]
[SourceQuality "1"]

1. e4 c5 2. Nf3 d6 3. d4 cxd4 4. Nxd4 Nf6 5. Nc3 a6 6. Be3 e5 7. Nb3 Be7 8. f3 Be6 9. Qd2 0-0 10. 0-0-0 Nbd7 11. g4 b5 12. g5 b4 13. Ne2 Ne8 14. f4 a5 15. f5 Bxb3 16. cxb3 a4 17. bxa4 Rxa4 18. Kb1 Rxa2 19. Nc1 Ra8 20. Nb3 Qc7 21. Bb5 Nc5 22. Nxc5 dxc5 23. f6 gxf6 24. gxf6 Bxf6 25. Rhg1+ Kh8 26. Bh6 Qa7 27. Bc4 b3 28. Bxb3 Bg7 1/2-1/2

[Event "RC-2014-0-00141"]
[Site "LSS email"]
[Date "2014.02.21"]
[Round "?"]
[White "Le Duigou, Jean Guy"]
[Black "Bujdak, Pavol"]
[Result "1/2-1/2"]
[WhiteElo "1714"]
[BlackElo "1681"]
[PlyCount "60"]
[EventDate "2014.01.04"]
[EventType "tourn (corr)"]
[EventRounds "6"]
[EventCountry "GER"]
[SourceTitle "Telechess CBM 167"]
[Source "ChessBase"]
[SourceDate "2015.07.13"]
[SourceVersion "1"]
[SourceVersionDate "2015.07.13"]
[SourceQuality "1"]

1. e4 c5 2. Nf3 d6 3. d4 cxd4 4. Nxd4 Nf6 5. Nc3 a6 6. Be3 e5 7. Nb3 Be7 8. f3 h5 9. Qd2 Be6 10. 0-0-0 Nbd7 11. Kb1 b5 12. Nd5 Bxd5 13. exd5 Nb6 14. Bxb6 Qxb6 15. Bd3 0-0 16. Na5 Nxd5 17. Be4 Ne3 18. Bxa8 Nxd1 19. Nc6 Bf6 20. Rxd1 Rxa8 21. Qxd6 Qe3 22. Qd2 Qxd2 23. Rxd2 Re8 24. c3 Re6 25. Nb4 Bg5 26. Rd5 Be7 27. Nd3 f6 28. Kc2 g5 29. Kd2 Kf7 30. Ke3 Rb6 1/2-1/2

[Event "SC-2013-0-00203"]
[Site "LSS email"]
[Date "2013.11.21"]
[Round "?"]
[White "Kobryn, Krystian"]
[Black "Bujdak, Pavol"]
[Result "1/2-1/2"]
[WhiteElo "1614"]
[BlackElo "1673"]
[PlyCount "94"]
[EventDate "2013.10.23"]
[EventType "tourn (corr)"]
[EventRounds "6"]
[EventCountry "GER"]
[SourceTitle "Corr 2015"]
[Source "ChessBase"]
[SourceDate "2015.07.17"]
[SourceVersion "1"]
[SourceVersionDate "2015.07.17"]
[SourceQuality "1"]

1. e4 c5 2. Nf3 d6 3. d4 cxd4 4. Nxd4 Nf6 5. Nc3 a6 6. Be3 e5 7. Nb3 Be6 8. Be2 Be7 9. Nd5 Bxd5 10. exd5 Nbd7 11. 0-0 0-0 12. Qd3 b5 13. a4 Qc7 14. h3 Rfc8 15. axb5 axb5 16. Nd2 Rab8 17. c3 Nc5 18. Bxc5 dxc5 19. Ne4 c4 20. Nxf6+ Bxf6 21. Qe3 Qd6 22. Bg4 Rd8 23. Bf3 h6 24. Be4 Bg5 25. Qf3 g6 26. Ra7 Rd7 27. Rfa1 Rbb7 28. Ra8+ Kg7 29. g4 Rb6 30. Kg2 Qc5 31. Qe2 Rf6 32. R8a6 Rfd6 33. Qf3 Rb6 34. Qe2 Rdb7 35. Ra8 Qd6 36. Rc8 Rc7 37. Raa8 Rxc8 38. Rxc8 Bc1 39. Kg1 Rb7 40. Qc2 Bf4 41. Rc6 Qd8 42. Qd1 Qd7 43. Kg2 Ra7 44. d6 Qd8 45. Kg1 Rd7 46. Qd5 Qh4 47. Bg2 e4 1/2-1/2

[Event "SC-2013-0-00185"]
[Site "LSS email"]
[Date "2013.05.15"]
[Round "?"]
[White "Bujdak, Pavol"]
[Black "Rivas Romero, Jesus"]
[Result "1-0"]
[WhiteElo "1642"]
[BlackElo "1390"]
[PlyCount "35"]
[EventDate "2013.04.05"]
[EventType "tourn (corr)"]
[EventRounds "6"]
[EventCountry "GER"]
[SourceTitle "Telechess CBM 167"]
[Source "ChessBase"]
[SourceDate "2015.07.13"]
[SourceVersion "1"]
[SourceVersionDate "2015.07.13"]
[SourceQuality "1"]

1. e4 d6 2. d4 Nf6 3. Nc3 g6 4. Bg5 Bg7 5. Qd2 c6 6. f4 h6 7. Bh4 0-0 8. Nf3 Bg4 9. Be2 Nbd7 10. e5 dxe5 11. dxe5 Nd5 12. Nxd5 cxd5 13. Qxd5 Qb6 14. 0-0-0 Qe3+ 15. Qd2 Qc5 16. b4 Qc7 17. Bxe7 Bxf3 18. Bd6 1-0

[Event "BI-2013-P-00025"]
[Site "LSS email"]
[Date "2013.04.23"]
[Round "?"]
[White "Permykov, Andrey Valerevich"]
[Black "Bujdak, Pavol"]
[Result "1/2-1/2"]
[WhiteElo "1896"]
[BlackElo "1642"]
[PlyCount "85"]
[EventDate "2013.04.25"]
[EventType "tourn (corr)"]
[EventRounds "10"]
[EventCountry "GER"]
[SourceTitle "Telechess CBM 167"]
[Source "ChessBase"]
[SourceDate "2015.07.13"]
[SourceVersion "1"]
[SourceVersionDate "2015.07.13"]
[SourceQuality "1"]

1. e4 e5 2. Nf3 Nf6 3. d4 Nxe4 4. Bd3 d5 5. Nxe5 Nd7 6. Nxd7 Bxd7 7. 0-0 Bd6 8. c4 c6 9. cxd5 cxd5 10. Nc3 Nxc3 11. bxc3 0-0 12. Qh5 g6 13. Qxd5 Qc7 14. Bh6 Rfd8 15. Qf3 Qxc3 16. Qf6 Bf8 17. Bxf8 Rxf8 18. Be4 Bc6 19. Rfc1 Qb2 20. Bxc6 bxc6 21. Rcb1 Qc2 22. h4 Rab8 23. Rc1 Qb2 24. h5 c5 25. Rd1 Rb6 26. Qe5 cxd4 27. h6 d3 28. Qxb2 Rxb2 29. Rxd3 Rfb8 30. Rd7 R2b7 31. Rad1 Kf8 32. Rxb7 Rxb7 33. Rd8+ Ke7 34. Rh8 Kf6 35. Rxh7 g5 36. Rg7 Rb8 37. g4 Rh8 38. f4 gxf4 39. g5+ Kf5 40. h7 a6 41. Kg2 Kg4 42. Kf2 f3 43. Ke1 1/2-1/2

[Event "BI-2013-P-00025"]
[Site "LSS email"]
[Date "2013.04.23"]
[Round "?"]
[White "Skowronek, Juergen"]
[Black "Bujdak, Pavol"]
[Result "1/2-1/2"]
[WhiteElo "1747"]
[BlackElo "1642"]
[PlyCount "74"]
[EventDate "2013.04.25"]
[EventType "tourn (corr)"]
[EventRounds "10"]
[EventCountry "GER"]
[SourceTitle "Telechess CBM 167"]
[Source "ChessBase"]
[SourceDate "2015.07.13"]
[SourceVersion "1"]
[SourceVersionDate "2015.07.13"]
[SourceQuality "1"]

1. Nf3 Nf6 2. b3 g6 3. g3 Bg7 4. Bb2 d6 5. d4 c5 6. Bg2 cxd4 7. Nxd4 d5 8. c4 dxc4 9. 0-0 0-0 10. bxc4 Qb6 11. Qb3 Na6 12. Qxb6 axb6 13. Nc3 Nc5 14. Rfd1 Bd7 15. Nb3 Rfd8 16. Rab1 Bc6 17. Rxd8+ Rxd8 18. Ba3 Nfd7 19. Nd5 Bxd5 20. cxd5 Rb8 21. Bb4 Nxb3 22. Rxb3 Nc5 23. Ra3 e6 24. dxe6 Nxe6 25. Ra7 Nd4 26. Bxb7 Nxe2+ 27. Kg2 Nc3 28. Bd6 Re8 29. Bc6 Rc8 30. Bd7 Rd8 31. Be7 Rb8 32. Bc6 Bd4 33. Rd7 Rc8 34. Bf3 Rc4 35. g4 h6 36. Rd8+ Kh7 37. a3 b5 1/2-1/2

[Event "SC-2013-0-00181"]
[Site "LSS email"]
[Date "2013.04.06"]
[Round "?"]
[White "Bujdak, Pavol"]
[Black "Carneiro, Luis Guilherme"]
[Result "1/2-1/2"]
[WhiteElo "1591"]
[BlackElo "1600"]
[PlyCount "95"]
[EventDate "2013.02.19"]
[EventType "tourn (corr)"]
[EventRounds "6"]
[EventCountry "GER"]
[SourceTitle "Telechess CBM 163"]
[Source "ChessBase"]
[SourceDate "2014.11.11"]
[SourceVersion "2"]
[SourceVersionDate "2014.11.11"]
[SourceQuality "1"]

1. e4 c5 2. Nf3 g6 3. d4 cxd4 4. Nxd4 Nc6 5. Nc3 Bg7 6. Be3 Nf6 7. Bc4 0-0 8. Bb3 a5 9. 0-0 d6 10. Ndb5 b6 11. f3 Ba6 12. Qd2 Nd7 13. Bh6 Rc8 14. Bxg7 Kxg7 15. f4 Nc5 16. Bc4 e5 17. f5 Nd4 18. Rae1 f6 19. fxg6 hxg6 20. b3 Bxb5 21. Nxb5 Nxb5 22. Bxb5 Qc7 23. Kh1 Qb7 24. Qe3 Rcd8 25. a3 d5 26. exd5 Rxd5 27. Rf3 Rd4 28. Rh3 g5 29. Qe2 Re4 30. Qf1 Rd8 31. Ree3 Rxe3 32. Rxe3 Rd2 33. Rf3 Rxc2 34. Rxf6 Nxb3 35. Bd3 Rc1 36. Rg6+ Kh8 37. Rh6+ Kg8 38. Rg6+ Qg7 39. Qxc1 Nxc1 40. Bc4+ Kh7 41. Rxg7+ Kxg7 42. Kg1 Kf6 43. Kf2 a4 44. Bb5 Nb3 45. Bxa4 Nd4 46. Ke3 b5 47. Bd1 Nf5+ 48. Kd3 1/2-1/2